MARC

LEADER 00000nam0a2200000 4500
001 371178
005 20231102012343.0
035 |a (RuTPU)RU\TPU\retro\28588 
090 |a 371178 
100 |a 20220927d1978 m y0rusy50 ca 
101 0 |a rus 
102 |a RU 
105 |a a z 000zy 
200 1 |a Подвигу твоему, Ленинград  |e альбом  |f сост. А. С. Михайлович 
210 |a Ленинград  |c Лениздат  |d 1978 
215 |a 79 с.  |c ил. 
320 |a Библиогр.: с. 
606 1 |a Ленинград  |x Оборона  |z 1941-1944  |2 stltpush  |3 (RuTPU)RU\TPU\subj\66728  |9 82779 
610 1 |a Великая Отечественная война 1941-1945 
610 1 |a защитники 
610 1 |a ленинградцы 
610 1 |a мужество 
610 1 |a героизм 
610 1 |a памятники 
610 1 |a монументы 
610 1 |a фотографии 
610 1 |a альбомы 
686 |a Т3(2)622,11(2-2СПб)  |v LBC/SL-A  |2 rubbk 
702 1 |a Михайлович  |b А. С.  |g Александр Семенович  |4 220 
801 1 |a RU  |b 63413507  |c 20220927 
801 2 |a RU  |b 63413507  |c 20230309  |g RCR 
942 |c BK